| 000 | 00987cab a2200277 4500 | ||
|---|---|---|---|
| 001 | ABS56912 | ||
| 008 | 090401t1997 xxu||||| |||| 00| 0 eng d | ||
| 035 | _a(Sirsi) u78122 | ||
| 041 | _aeng | ||
| 100 | _aWhalley, R. | ||
| 245 | _aMarket evidence - attempting to put it into perspective | ||
| 260 | _c1997 | ||
| 350 | _a0 | ||
| 490 |
_aJournal of Institute of Rent Officers _v28(1) April 1997, 17-19(3) |
||
| 520 | _aThe author, a rent officer in Lancashire, describes his attempts to gain a full picture of the rental market in Blackpool. Various sources are discussed, including the Market Evidence database (MED), the Census, advertisements and planning authorities reports. | ||
| 650 | _aBLACKPOOL | ||
| 650 | _aCENSUS | ||
| 650 | _aMARKET EVIDENCE DATABASE | ||
| 650 | _aMARKET EVIDENCE | ||
| 650 | _aPRIVATE RENTED SECTOR | ||
| 650 | _aRENT OFFICERS | ||
| 650 | _aRENTED ACCOMMODATION | ||
| 690 | _aRATING AND VALUATION | ||
| 942 | _n0 | ||
| 948 | _c01/05/1997 | ||
| 999 |
_c49156 _d49156 |
||